[Event "Kazan BRICS Games Blitz"]
[Site "Kazan"]
[Date "2024.06.19"]
[Round "9"]
[White "Dzapshba, Ruslan"]
[Black "Lilay, Weldu Gebru"]
[Result "1-0"]
[WhiteElo "1759"]
[BlackElo "1977"]
[PlyCount "99"]
[EventDate "2024.06.19"]
[EventType "swiss (blitz)"]
[EventRounds "11"]
[EventCountry "RUS"]
[SourceTitle "CB26_2024"]
[SourceDate "2024.06.26"]
[SourceVersion "1"]
[SourceVersionDate "2024.06.26"]
[SourceQuality "1"]

1. e4 e5 2. Nf3 d6 3. Bc4 h6 4. d3 Nf6 5. h3 Nc6 6. 0-0 g5 7. Nh2 Bg7 8. Nc3 Qe7 9. Nd5 Nxd5 10. Bxd5 Bd7 11. Be3 h5 12. Qd2 Bf6 13. f3 Rg8 14. c3 Nd8 15. Rf2 c6 16. Bb3 g4 17. fxg4 Bh4 18. Rf3 hxg4 19. Nxg4 Bxg4 20. hxg4 Ne6 21. Bxe6 fxe6 22. Raf1 0-0-0 23. Rf7 Qe8 24. Bh6 Be7 25. g5 d5 26. Qf2 b6 27. Qg3 Bc5+ 28. Kh1 Bd6 29. Rxa7 Bb8 30. Raf7 dxe4 31. dxe4 c5 32. Qh3 Bd6 33. Rh7 Bc7 34. Rff7 Bd6 35. Qf3 Qc6 36. Qd3 b5 37. a4 c4 38. Qe3 Bc5 39. Qh3 Rd1+ 40. Kh2 Bg1+ 41. Kg3 Qd6 42. Rc7+ Kd8 43. Rhd7+ Qxd7 44. Rxd7+ Kxd7 45. Qg4 Rd3+ 46. Kh4 Bf2+ 47. Kh5 Re8 48. axb5 Kd6 49. g6 Rg3 50. Qd1+ 1-0

[Event "Kazan BRICS Games Blitz"]
[Site "Kazan"]
[Date "2024.06.19"]
[Round "7"]
[White "Lilay, Weldu Gebru"]
[Black "Bongo Akanga Ndjila, Barthelemy"]
[Result "0-1"]
[WhiteElo "1977"]
[BlackElo "1894"]
[PlyCount "80"]
[EventDate "2024.06.19"]
[EventType "swiss (blitz)"]
[EventRounds "11"]
[EventCountry "RUS"]
[SourceTitle "CB26_2024"]
[SourceDate "2024.06.26"]
[SourceVersion "1"]
[SourceVersionDate "2024.06.26"]
[SourceQuality "1"]

1. e4 c6 2. d4 d5 3. exd5 cxd5 4. Nc3 Bf5 5. Be2 e6 6. h3 Nf6 7. Bg5 Be7 8. Nf3 h6 9. Bf4 Nc6 10. Nb5 0-0 11. 0-0 a6 12. Nc3 b5 13. a3 Na5 14. b3 Rc8 15. Bd2 Ne4 16. Qe1 Nxd2 17. Qxd2 Qc7 18. Na2 Qxc2 19. Qxa5 Qxe2 20. Nb4 Bxb4 21. Qxb4 Be4 22. Nd2 Bd3 23. Rfe1 Qh5 24. Re3 Bg6 25. Rae1 Rc2 26. Nf3 Be4 27. Ne5 Rfc8 28. Qe7 R2c7 29. Qd6 Qg5 30. f3 Rc2 31. R3e2 Rxe2 32. Rxe2 Bf5 33. Ng4 h5 34. f4 Qh4 35. Ne3 Be4 36. Kh2 Qf6 37. Nf1 Qxd4 38. Ng3 Bg6 39. Qxa6 Rc3 40. Qxb5 h4 0-1

[Event "Kazan BRICS Games Blitz"]
[Site "Kazan"]
[Date "2024.06.19"]
[Round "11"]
[White "Shavlohov, Georgiy"]
[Black "Lilay, Weldu Gebru"]
[Result "0-1"]
[WhiteElo "1928"]
[BlackElo "1977"]
[PlyCount "52"]
[EventDate "2024.06.19"]
[EventType "swiss (blitz)"]
[EventRounds "11"]
[EventCountry "RUS"]
[SourceTitle "CB26_2024"]
[SourceDate "2024.06.26"]
[SourceVersion "1"]
[SourceVersionDate "2024.06.26"]
[SourceQuality "1"]

1. d4 Nf6 2. c4 g6 3. Nc3 d6 4. e4 Bg7 5. f4 e6 6. Nf3 b6 7. Bd3 Bb7 8. 0-0 Nh5 9. Be3 Nd7 10. Rc1 Qe7 11. Nb5 Ndf6 12. Qc2 a6 13. Nc3 0-0 14. e5 Ng4 15. Bd2 dxe5 16. fxe5 Rad8 17. Ne2 c5 18. h3 Nh6 19. Be4 cxd4 20. Bxb7 d3 21. Qc3 dxe2 22. Rfe1 Qxb7 23. Rxe2 Ng3 24. Ree1 Nhf5 25. Bf4 Ne4 26. Qe3 Nxe3 0-1

[Event "Kazan BRICS Games Rapid"]
[Site "Kazan"]
[Date "2024.06.18"]
[Round "1"]
[White "Aronyak, Ghosh"]
[Black "Lilay, Weldu Gebru"]
[Result "1-0"]
[WhiteElo "2529"]
[BlackElo "1977"]
[PlyCount "109"]
[EventDate "2024.06.18"]
[EventType "team-swiss (rapid)"]
[EventRounds "9"]
[EventCountry "RUS"]
[SourceTitle "CB26_2024"]
[SourceDate "2024.06.26"]
[SourceVersion "1"]
[SourceVersionDate "2024.06.26"]
[SourceQuality "1"]

1. c4 e5 2. d3 Nc6 3. Nf3 a6 4. a3 Bc5 5. b4 Ba7 6. e3 d6 7. Be2 Nf6 8. 0-0 0-0 9. Bb2 Re8 10. Nc3 h6 11. Rc1 Bg4 12. h3 Be6 13. Nd2 Ne7 14. Nde4 Ng6 15. Kh2 c6 16. Qd2 Rc8 17. Nxf6+ Qxf6 18. Ne4 Qe7 19. c5 dxc5 20. Nxc5 Red8 21. Nxe6 Qxe6 22. Qc2 Rc7 23. Qc4 Qxc4 24. Rxc4 Bb8 25. g3 f6 26. Kg2 Re7 27. Rc2 Nf8 28. a4 Ne6 29. Rb1 Bd6 30. Bc3 Nc7 31. g4 Kf7 32. h4 g6 33. Bd2 Kg7 34. Rh1 Ne6 35. h5 g5 36. Rb1 Nc7 37. Bf3 Rf8 38. Be4 Ne6 39. b5 axb5 40. axb5 c5 41. b6 Ra8 42. Rb5 Ra6 43. Rcb2 Nf8 44. Ra5 Rxa5 45. Bxa5 Ne6 46. Bc3 Nd8 47. Ra2 Rd7 48. Ra8 Bf8 49. Kf3 Kf7 50. Bb2 Bd6 51. Bg6+ Ke7 52. Bf5 Ne6 53. Rh8 Kf7 54. Rh7+ Kf8 55. Rxd7 1-0

[Event "Kazan BRICS Games Rapid"]
[Site "Kazan"]
[Date "2024.06.18"]
[Round "4"]
[White "Lilay, Weldu Gebru"]
[Black "Bongo Akanga Ndjila, Barthelemy"]
[Result "0-1"]
[WhiteElo "1977"]
[BlackElo "1894"]
[PlyCount "96"]
[EventDate "2024.06.18"]
[EventType "team-swiss (rapid)"]
[EventRounds "9"]
[EventCountry "RUS"]
[SourceTitle "CB26_2024"]
[SourceDate "2024.06.26"]
[SourceVersion "1"]
[SourceVersionDate "2024.06.26"]
[SourceQuality "1"]

1. e4 c6 2. d4 d5 3. exd5 cxd5 4. Nf3 Nf6 5. Bd3 Qc7 6. Nc3 a6 7. Qe2 g6 8. Bg5 Bg7 9. Bxf6 Bxf6 10. Nxd5 Qd6 11. Be4 Nc6 12. c3 Bg7 13. Nd2 0-0 14. 0-0 Bf5 15. Nc4 Qd8 16. Ndb6 Rb8 17. Bxf5 gxf5 18. a4 e6 19. a5 Ne7 20. Rfe1 Nd5 21. Qf3 Nf6 22. Ne5 Qd6 23. Re3 Rfd8 24. Qh3 Ne4 25. Nf3 Qf4 26. Nc4 Rbc8 27. Nce5 f6 28. Nd3 Qh6 29. Nh4 Kh8 30. Nc5 Nxc5 31. dxc5 Rc6 32. b4 Qh5 33. Rae1 Bh6 34. Rg3 Rd1 35. Kf1 Bd2 36. Nf3 Rxe1+ 37. Nxe1 Qd1 38. Re3 Bxe3 39. Qxe3 e5 40. g3 Re6 41. h4 Qd5 42. Kg1 f4 43. Qf3 Qd2 44. Ng2 fxg3 45. Qxg3 Re7 46. h5 Rg7 47. Qh4 Qd5 48. Qxf6 Qxg2# 0-1

[Event "Kazan BRICS Games Rapid"]
[Site "Kazan"]
[Date "2024.06.18"]
[Round "7"]
[White "Lilay, Weldu Gebru"]
[Black "Shavlohov, Georgiy"]
[Result "1-0"]
[WhiteElo "1977"]
[BlackElo "1928"]
[PlyCount "73"]
[EventDate "2024.06.18"]
[EventType "team-swiss (rapid)"]
[EventRounds "9"]
[EventCountry "RUS"]
[SourceTitle "CB26_2024"]
[SourceDate "2024.06.26"]
[SourceVersion "1"]
[SourceVersionDate "2024.06.26"]
[SourceQuality "1"]

1. e4 c6 2. d4 d5 3. exd5 cxd5 4. Bd3 Nc6 5. c3 Qc7 6. Ne2 Nf6 7. Bf4 Qb6 8. Qc2 Bg4 9. f3 Bh5 10. Nd2 e6 11. Nf1 Rc8 12. Qd2 Be7 13. b3 Bg6 14. Bxg6 hxg6 15. Ne3 Qa5 16. h3 0-0 17. g4 b5 18. h4 b4 19. c4 Rfd8 20. h5 gxh5 21. g5 Nh7 22. Rxh5 g6 23. Rh1 Nxg5 24. Ng1 dxc4 25. Qh2 Bf6 26. d5 Rxd5 27. Nxd5 Qxd5 28. Rd1 Nxf3+ 29. Nxf3 Qxf3 30. Qh7+ Kf8 31. Bd6+ Ke8 32. Qg8+ Kd7 33. Qxf7+ Ne7 34. Bxe7+ Kc6 35. Qxe6+ Kb7 36. Qd7+ Rc7 37. Qb5+ 1-0